01107cam a22002654a 4500001000500000005001700005020001500022040003500037050002200072082001000094100002500104245003800129260004000167300004700207490002700254505000800281520026200289521002000551521002000571650003500591906004500626942001500671999001500686952014000701404420240603114616.0 a0516249584 aDLCcDLCdIG#dBAKERdDLCbeng00aQA113.D3575b200600a513.21 aDalton, Julied1951-10aLook and count /cby Julie Dalton aNew York :bChildren's Press,c2006 a31 pages : bcolor illustrations ;c19 cm. aRookie Read-About Math aF  aThe popular Rookie Books expand their horizons - to all corners of the globe! With this series all about geography, emergent readers will take off on adventures to cities, nations, waterways, and habitats around the world...and right in their own backyards. a350 bLexile  aF bRaz-Plus  0aCountingvJuvenile literature. a7bcbccorignewd1eecipf20gy-gencatlg 2ddccBKn0 c4044d4044 00102ddc40708NFICa001b002cTTPd2024-06-03l2oDAL 513.2 QA113.D3575pFISTK03280r2025-10-24 14:12:59s2025-10-24w2024-06-03yBK